书目信息 |
| 题名: |
亚当·斯密的生平和著作
|
|
| 作者: | Stewaet , 斯图尔特 著 ;蒋自强 译 | |
| 分册: | ||
| 出版信息: | 北京 商务印书馆 1983 |
|
| 页数: | 67页 | |
| 开本: | 21cm | |
| 丛书名: | ||
| 单 册: | ||
| 中图分类: | F091.33 | |
| 科图分类: | ||
| 主题词: | ||
| 电子资源: | ||
| ISBN: | ||
| 000 | 00894nam0 2200277 45 | |
| 001 | 0183003025 | |
| 005 | 20061025153435.75 | |
| 010 | @dCNY0.36 | |
| 100 | @a19950306d1983 em y0chiy0121 ea | |
| 101 | 1 | @achi@ceng |
| 102 | @aCN@b110000 | |
| 105 | @ay z 000zd | |
| 200 | 10 | @a亚当·斯密的生平和著作@Aya dang si mi de sheng ping he zhu zuo@f(英)杜格尔德·斯图尔特(D.Stewart)著@g蒋自强等译 |
| 210 | @a北京@c商务印书馆@d1983 | |
| 215 | @a67页@d21cm | |
| 300 | @a书名原文:Account of the Life and writings of Adam Smith | |
| 510 | 1 | @aAccount of the Life and writings of Adam Smith@zeng |
| 600 | 0 | @a亚当·斯密@x生平事迹 |
| 600 | 0 | @a亚当·斯密@x经济思想@x研究 |
| 690 | @aF091.33@v3 | |
| 701 | A1 | @aStewaet@bD.@4著 |
| 701 | 1 | @a斯图尔特@Asi tu er te@bD.@4著 |
| 702 | 0 | @a蒋自强@Ajiang zi qiang@4译 |
| 801 | 2 | @aCN@bNLC@c20061025 |
| 801 | 0 | @aCN@bTSSF |
| 905 | @a10447@dF091.33@e15 | |
| 亚当·斯密的生平和著作/(英)杜格尔德·斯图尔特(D.Stewart)著/蒋自强等译.-北京:商务印书馆,1983 |
| 67页;21cm |
| 书名原文:Account of the Life and writings of Adam Smith |
| ISBN :CNY0.36 |
| ● |
| 相关链接 |
|
|
|
|
正题名:亚当·斯密的生平和著作
索取号:F091.33/15
 
预约/预借
| 序号 | 登录号 | 条形码 | 馆藏地/架位号 | 状态 | 备注 |
| 1 | 0103892 | 000194391 | 第一样本阅览室/ [索取号:F091.33/15] | 在馆 |